Statistiques concernant Quiz sur le Brésil

Cliquez ici pour prendre le quiz!

Statistiques générales

  • Ce quiz a été pris 16 954 fois
  • Le résultat moyen est 14 sur 20

Statistiques - réponses

QuestionRéponse% Correct
Langue officiellePortugais
99%
CapitaleBrasília
98%
Deux villes les plus peupléesRio de Janeiro
98%
Les seuls pays d'Amérique du Sud
n'ayant pas de frontière avec le Brésil
Chili
88%
Terme désignant un bidonville brésilienFavela
82%
Deux villes les plus peupléesSão Paulo
82%
Plus long fleuveAmazone
80%
Les seuls pays d'Amérique du Sud
n'ayant pas de frontière avec le Brésil
Équateur
78%
Le Brésil est le premier producteur
mondial de ces grains
Grains de {Café}
70%
Meilleurs buteurs de la sélection à la
coupe du monde de football masculin
Pelé
70%
Statue la plus célèbreLe Christ {Rédempteur}
68%
Président controversé entre 2018 et 2022Jair Bolsonaro
67%
Meilleurs buteurs de la sélection à la
coupe du monde de football masculin
Ronaldo
66%
Célébration tenue les cinq jours
avant le Mercredi des Cendres
Carnaval
65%
Genre musical joué durant cette fêteSamba
61%
Deux plages les plus célèbres
(nommez-en une)
Copacabana | Ipanema
58%
Devise inscrite sur le drapeau national{Ordem} e Progresso
36%
Devise monétaireRéal
35%
Chutes partagées avec l'ArgentineChutes d'{Iguazú}
27%
Plus grande ville d'AmazonieManaus
27%

Distribution des résultats

Percentile par nombre de réponses

% des personnes avec chaque résultat

Votre développement - résultats

Vous n’avez pas pris ce quiz